|
|
|
|
| LEADER |
00774cam a2200217 7i4500 |
| 001 |
0000073385 |
| 005 |
20221213090000.0 |
| 020 |
|
|
|a 9780367854751 (electronic book)
|
| 090 |
0 |
0 |
|a MT68
|b .T58 2021
|
| 100 |
1 |
|
|a Titlebaum, Mike
|
| 245 |
1 |
0 |
|a Jazz improvisation using simple melodic embellishment
|c Mike Titlebaum.
|
| 264 |
|
|
|a New York, NY:
|b Routledge,
|c 2021.
|
| 300 |
|
|
|a 1 online resource (300 pages):
|b illustrations, text file, PDF.
|
| 336 |
|
|
|a text
|2 rdacontent
|
| 337 |
|
|
|a computer
|2 rdamedia
|
| 338 |
|
|
|a online resource
|2 rdacarrier
|
| 650 |
|
0 |
|a Jazz --
|x Instruction and study
|
| 650 |
|
0 |
|a Improvisation (Music)
|
| 655 |
|
0 |
|a Electronic books
|
| 856 |
4 |
2 |
|u http://library.unisel.edu.my/web/guest/mylibrary
|
| 999 |
|
|
|a EBO0015912
|b EBOOK
|c EBOOK
|e Electronic resources
|